01354 a2200217 45000010006000000050017000060080041000230030015000640400040000790800073001192450068001920200022002602500012002822640034002943000024003285050617003520410008009691000029009777000031010068560099010375324420260407155806.0260407a2020 arg spa dAR-UNSa-BCEJYS aAR-UNSa-BCEJYSbspacAR-UNSa-BCEJYS a658.3xPersonal. Relaciones humanas en la empresa (Recursos Humanos)10aManual de recursos humanos y relaciones laborales en la empresa a978-987-01-2470-2 a2a. ed. 1aBuenos Aires :bErreparc2020 axix, 329 p.c21 cm. a1. Nuevo enfoque en la dirección de RRHH – 2. Liderazgo y relaciones con empleados – 3. Relaciones laborales colectivas – 4. Asociaciones sindicales – 5. Encuadramiento – 6. Códigos de conducta y ética en las empresas – 7. Sanciones disciplinarias – 8. Fin de la relación laboral – 9. El avance tecnológico en las RRLL – 10. La huelga: aspectos legales y prácticos – 11. La negociación individual y colectiva – 12. Asesor laboral corporativo (reduciendo contingencias) – 13. Novedades y temas de actualidad – 14. Los nuevos desafíos laborales de los ejecutivos de RRHH.  aspa1 aDiego, Natalia Gimena de1 aLanfranco, Leandro Augusto41uhttps://www.biblioeco.unsa.edu.ar/pmb/images/libros/L128389.jpgyImagen de portadaqimage/jpeg